| Tag |
First Indicator |
Second Indicator |
Subfields |
| LEADER |
00000cam a2200000Ia 4500 |
| 001 |
in00004355421 |
| 005 |
20210422110511.0 |
| 006 |
m d f |
| 007 |
cr m|||||||||| |
| 008 |
010925s2001 vaua o f000 0 eng d |
| 035 |
|
|
|a (OCoLC)ocm48024463
|
| 040 |
|
|
|a GIS
|b eng
|c GIS
|d OCLCQ
|d GPO
|d MvI
|d UtOrBLW
|
| 043 |
|
|
|a n-us---
|
| 049 |
|
|
|a WWW
|
| 074 |
|
|
|a 0621-L (online)
|
| 086 |
0 |
|
|a I 19.127:057-01
|
| 245 |
0 |
0 |
|a USGS GeoData digital orthophoto quadrangles.
|
| 264 |
|
1 |
|a [Reston, Va.] :
|b U.S. Dept. of the Interior, U.S. Geological Survey,
|c [2001]
|
| 300 |
|
|
|a 2 unnumbered pages :
|b digital, PDF file.
|
| 336 |
|
|
|a text
|b txt
|2 rdacontent
|
| 337 |
|
|
|a computer
|b c
|2 rdamedia
|
| 338 |
|
|
|a online resource
|b cr
|2 rdacarrier
|
| 490 |
1 |
|
|a USGS fact sheet ;
|v 057-01
|
| 538 |
|
|
|a Mode of access: Internet from the USGS web site. Address as of 8/28/08: http://erg.usgs.gov/isb/pubs/factsheets/fs05701.pdf; current access available via PURL.
|
| 500 |
|
|
|a Title from title screen (viewed on Aug. 28, 2008).
|
| 500 |
|
|
|a "May 2001."
|
| 500 |
|
|
|a Electronic resource.
|
| 650 |
|
0 |
|a Digital mapping.
|0 http://id.loc.gov/authorities/subjects/sh85037980
|
| 650 |
|
0 |
|a Orthophotomaps
|z United States.
|
| 651 |
|
0 |
|a United States
|v Maps.
|0 http://id.loc.gov/authorities/subjects/sh85140377
|
| 650 |
|
0 |
|a Cartography
|z United States.
|
| 655 |
|
7 |
|a Remote-sensing maps.
|2 lcgft
|0 http://id.loc.gov/authorities/genreForms/gf2011026531
|
| 710 |
2 |
|
|a Geological Survey (U.S.)
|0 http://id.loc.gov/authorities/names/n80092173
|
| 830 |
|
0 |
|a Fact sheet (Geological Survey (U.S.)) ;
|v FS-01-057.
|0 http://id.loc.gov/authorities/names/no95018057
|
| 856 |
4 |
0 |
|u https://purl.fdlp.gov/GPO/LPS101018
|t 0
|
| 999 |
f |
f |
|s 5e79b8ea-b4c1-3dae-8c5e-79e005ae1876
|i 34f461ae-2855-382c-842b-3d84a8d0cb84
|t 0
|
| 952 |
f |
f |
|a Texas A&M University
|b College Station
|c Electronic Resources
|d Available Online
|t 0
|e I 19.127:057-01
|h Superintendent of Documents classification
|
| 998 |
f |
f |
|a I 19.127:057-01
|t 0
|l Available Online
|